01011nam a2200229 i 450000100060000000300090000600500170001500700030003200800410003510000350007624501800011126000520029130000300034353000350037365000250040865000370043385200610047085600840053194200080061599900170062395201410064031431ES-MaACL20250812082606.0t|030129q1909 fr a |||| | fre d1 aBénédite, Léonce.92751110aHistoire des Beaux Arts b: 1800-1900 : Peinture, Sculture, Architecture, Medaille et Gryptique, Gravure, Arts decoratifs en France et á l'etranger /cLéonce Bénédite. aParis : b[s.n., cca. 1909] (fImp. Nationale) a738 p. : bil. ; c29 cm. aDisponible en formato digital. 0aArte-yS.XIX9233576 7aArtes decorativas2embne9135625 aES-MaACLjC-2521cSPALzRevisado enlace: 1 de Junio 20254 uhttps://archive.org/details/histoiredesbeaux00bnuoft/page/n9 yInternet Archive 2udc c31431d31431 001040708Colección_digitalaATENEOMbATENEOMcSPALd2008-01-17eSCl0oC-2521p1032479r2023-02-23 00:00:00w2023-02-23yMONOGRAFIA